| 000 | 01782cam a22003014a 4500 | ||
|---|---|---|---|
| 001 | 17454950 | ||
| 003 | NUST-PNEC | ||
| 005 | 20170116180741.0 | ||
| 008 | 120906s2013 flua b 001 0 eng | ||
| 010 | _a 2012028552 | ||
| 020 | _a9781466510241 | ||
| 040 | _cLIBRARY | ||
| 042 | _apcc | ||
| 050 | 0 | 0 |
_aTJ778 _b.L57 2013 |
| 082 | 0 | 0 |
_a621.433 LIP _223 |
| 084 | _2bisacsh | ||
| 100 | 1 | _aLipatnikov, Andrei. | |
| 245 | 1 | 0 |
_aFundamentals of premixed turbulent combustion / _cAndrei Lipatnikov. |
| 260 |
_aBoca Raton, FL : _bTaylor & Francis, _c2013. |
||
| 300 |
_axxi, 525 p. : _bill. ; _c24 cm. |
||
| 504 | _aIncludes bibliographical references and index. | ||
| 520 | _a"Lean burning of premixed gases is considered to be a promising combustion technology for future clean and highly efficient gas turbine engines. This book highlights the phenomenology of premixed turbulent flames. The text provides experimental data on the general appearance of premixed turbulent flames, physical mechanisms that could affect flame behavior, and physical and numerical models aimed at predicting the key features of premixed turbulent combustion. The author aims to provide a simple introduction to the field for advanced graduate and postgraduate students. Topics covered include Laminar premixed flames, homogenous isotropic turbulence, and incompressible turbulent flow"-- | ||
| 650 |
_aGas-turbines--Combustion _xME, IME _91592 |
||
| 856 | _uhttp://www.amazon.com/Fundamentals-Premixed-Turbulent-Combustion-Lipatnikov/dp/1466510242/ref=sr_1_1?s=books&ie=UTF8&qid=1425448694&sr=1-1&keywords=9781466510241 | ||
| 906 |
_a7 _bcbc _corignew _d1 _eecip _f20 _gy-gencatlg |
||
| 942 |
_2ddc _cBK |
||
| 999 |
_c62198 _d62198 |
||